Plopsa: All Rollercoasters - Statistieken

Algemene statistieken
  • Deze quiz is 12 keer genomen
  • De gemiddelde score is 10 van 23
Antwoordstatistieken
Hint Antwoord % Correct
Plopsaland De Panne Anubis: The Ride
90%
Plopsaland De Panne The Ride To Happiness by Tomorrowland
90%
Plopsaland De Panne Heidi The Ride
80%
Plopsaland De Panne Draak
70%
Plopsaland De Panne K3 Rollerskater
70%
Plopsaland De Panne #LikeMe Coaster
70%
Plopsa Coo Vicky The Ride
70%
Plopsa Coo Schtroumpfeur
60%
Holiday Park Sky Scream
60%
Plopsa Indoor Hasselt Wickie Coaster
60%
Holiday Park Expedition GeForce
50%
Holiday Park Tabalugas Achterbahn
40%
Plopsaland De Panne Vleermuis
30%
Plopsa Indoor Coevorden Wickiebaan
30%
Plopsa Coo Wild Mouse
30%
Plopsaland De Panne Crazy Coaster
20%
Majaland Kownaty Wilkołak
20%
Holiday Park Holly's Wilde Autofahrt
10%
Majaland Kownaty Rollercoaster Wikingów
10%
Majaland Warsaw Rollercoaster Wikingów
10%
Holiday Park Super Wirbel
10%
Majaland Gdańsk Smerfowy Rollercoaster
0%
Majaland Praha Vikova horská dráha
0%
Geen overeenkomende quizzen gevonden
Scoreverdeling
Procent van Mensen met Elke Score
Percentiel versus Aantal Correcte Antwoorden
Uw Scoregeschiedenis
U heeft deze quiz nog niet genomen